[Event "Outaouais op"]
[Site "Hull CAN"]
[Date "2000.11.05"]
[Round "5"]
[White "Pnevmonidis, Pantelis"]
[Black "Ramaswamy, Kishor"]
[Result "1-0"]
[WhiteElo "2140"]
[BlackElo "1785"]
[PlyCount "123"]
[GameId "2160767911635789"]
[EventDate "2000.11.03"]
[EventType "swiss"]
[EventRounds "5"]
[EventCountry "CAN"]

1. d4 d5 2. Nf3 Nf6 3. c4 e6 4. Nc3 c6 5. e3 Nbd7 6. Qc2 Be7 7. Bd3 dxc4 8. Bxc4 O-O 9. O-O c5 10. a3 a6 11. dxc5 Bxc5 12. b4 Ba7 13. Bb2 b5 14. Bd3 Bb7 15. Ng5 h6 16. Nge4 Qe7 17. Rfd1 Rac8 18. Nd6 Rc7 19. Nxb7 Rxb7 20. Ne4 Rbb8 21. Qc7 Bb6 22. Nxf6+ Qxf6 23. Qxb8 Qxb2 24. Qd6 Ne5 25. Rab1 Qc3 26. Rbc1 Qb2 27. Rc2 Nc4 28. Qxf8+ Kxf8 29. Rxb2 Nxb2 30. Rd2 Nxd3 31. Rxd3 Ke7 32. g4 e5 33. Kg2 e4 34. Rd1 Ke6 35. a4 g6 36. axb5 axb5 37. f3 exf3+ 38. Kxf3 Bc7 39. h3 Bd6 40. e4 Bxb4 41. Rb1 Bd6 42. Rxb5 Be5 43. h4 h5 44. gxh5 gxh5 45. Rb6+ Bd6 46. Ra6 Ke7 47. Ra5 Kf6 48. Rxh5 Kg6 49. Rd5 Bb4 50. Kg4 f6 51. h5+ Kh6 52. Kf5 Bc3 53. Rc5 Bb2 54. Rc6 Kg7 55. Rc7+ Kh6 56. Rf7 Ba1 57. Rxf6+ Kg7 58. h6+ Kh7 59. e5 Kg8 60. Kg6 Bxe5 61. h7+ Kh8 62. Rf8# 1-0

[Event "POP du Specialiste"]
[Site "Montreal CAN"]
[Date "2000.06.08"]
[Round "1"]
[White "Corriveau, Philippe"]
[Black "Vandal, Eric"]
[Result "1/2-1/2"]
[WhiteElo "1750"]
[BlackElo "1650"]
[PlyCount "48"]
[GameId "2160767911703483"]
[EventDate "2000.06.08"]
[EventType "swiss"]
[EventRounds "3"]
[EventCountry "CAN"]

1. e4 c6 2. d4 d5 3. Nc3 dxe4 4. Nxe4 Nf6 5. Nxf6+ gxf6 6. c3 Bf5 7. Bc4 e6 8. Bf4 Bd6 9. Bg3 Qc7 10. Qe2 Nd7 11. Nf3 O-O-O 12. Nh4 Bg6 13. Nxg6 hxg6 14. O-O-O f5 15. Bxd6 Qxd6 16. h3 Nf6 17. Rhe1 Rh4 18. Bd3 Qd5 19. Qe5 Qxe5 20. Rxe5 Nd5 21. Bf1 Nf6 22. Bd3 Nd5 23. Bc4 Nf6 24. Bd3 Nd5 1/2-1/2

[Event "Paul Keres mem (25th)"]
[Site "Vancouver CAN"]
[Date "2000.05.13"]
[Round "1"]
[White "Wright, Stephen"]
[Black "Stanford, Mike"]
[Result "0-1"]
[WhiteElo "2258"]
[BlackElo "2010"]
[PlyCount "64"]
[GameId "2160767911711886"]
[EventDate "2000.05.13"]
[EventType "swiss"]
[EventRounds "10"]
[EventCountry "CAN"]

1. c4 Nf6 2. Nc3 e6 3. d4 d5 4. cxd5 exd5 5. Bg5 Be7 6. Qc2 h6 7. Bh4 O-O 8. e3 b6 9. Bd3 Bb7 10. Nf3 Nbd7 11. O-O c5 12. Rfd1 c4 13. Bf5 a6 14. Ne5 b5 15. a3 Nb6 16. Re1 g5 17. Bg3 Nc8 18. f3 Nd6 19. Be6 fxe6 20. Qg6+ Kh8 21. Qxh6+ Kg8 22. Qxg5+ Kh7 23. Qg6+ Kh8 24. Qh6+ Kg8 25. Qh3 Kg7 26. Bh4 Nf5 27. Bxf6+ Rxf6 28. Qg4+ Kh7 29. Qh5+ Rh6 30. Qf7+ Ng7 31. Ng4 Rg6 32. Ne5 Rf6 0-1

[Event "Paul Keres mem (25th)"]
[Site "Vancouver CAN"]
[Date "2000.05.15"]
[Round "3"]
[White "Fullbrook, Nigel"]
[Black "Berry, Jonathan"]
[Result "0-1"]
[WhiteElo "2260"]
[BlackElo "2272"]
[PlyCount "48"]
[GameId "2160767911711906"]
[EventDate "2000.05.13"]
[EventType "swiss"]
[EventRounds "10"]
[EventCountry "CAN"]
[SourceTitle "The Week in Chess 290"]
[Source "Mark Crowther"]
[SourceDate "2000.05.30"]
[SourceVersion "1"]
[SourceVersionDate "2000.05.30"]
[SourceQuality "2"]

1. e4 e5 2. Nf3 Nc6 3. Bb5 g6 4. O-O Bg7 5. c3 a6 6. Ba4 d6 7. d4 Bd7 8. Bg5 f6 9. Bh4 Nge7 10. Nbd2 h5 11. h3 g5 12. Bg3 Ng6 13. d5 Nce7 14. h4 g4 15. Nh2 f5 16. f4 exf4 17. Bxf4 Nxf4 18. Rxf4 Be5 19. Rf1 b5 20. exf5 bxa4 21. f6 Nf5 22. Ne4 Qb8 23. Nxg4 hxg4 24. Qxg4 Qb6+ 0-1

[Event "Paul Keres mem (25th)"]
[Site "Vancouver CAN"]
[Date "2000.05.15"]
[Round "3"]
[White "Gibney, Eugene"]
[Black "Wu, Howard"]
[Result "1-0"]
[WhiteElo "2214"]
[BlackElo "2176"]
[PlyCount "77"]
[GameId "2160767911711907"]
[EventDate "2000.05.13"]
[EventType "swiss"]
[EventRounds "10"]
[EventCountry "CAN"]
[SourceTitle "The Week in Chess 290"]
[Source "Mark Crowther"]
[SourceDate "2000.05.30"]
[SourceVersion "1"]
[SourceVersionDate "2000.05.30"]
[SourceQuality "2"]

1. e4 c5 2. Ne2 Nc6 3. Nbc3 g6 4. d4 cxd4 5. Nxd4 Bg7 6. Nde2 Nf6 7. g3 O-O 8. Bg2 d6 9. O-O Bd7 10. h3 Rb8 11. Bg5 b5 12. Rb1 b4 13. Nd5 Nxd5 14. exd5 Ne5 15. Nd4 Re8 16. b3 Qc8 17. Kh2 Bb5 18. Re1 h6 19. Be3 Qc3 20. f4 Nd7 21. Nc6 Bxc6 22. dxc6 Nb6 23. Bg1 Rbc8 24. Re3 Qf6 25. Rd3 Qf5 26. Bxb6 axb6 27. Rd5 e5 28. Rb5 d5 29. Qxd5 Qxc2 30. Rd1 exf4 31. Rf1 Red8 32. Qc4 fxg3+ 33. Kh1 Qxc4 34. bxc4 Rd2 35. Rxb6 Rxa2 36. c5 Be5 37. Rxb4 f6 38. Bd5+ Kh8 39. Bxa2 1-0

[Event "Paul Keres mem (25th)"]
[Site "Vancouver CAN"]
[Date "2000.05.15"]
[Round "3"]
[White "Neff, Elliott"]
[Black "Baunok, Zoltan"]
[Result "1-0"]
[WhiteElo "2123"]
[BlackElo "2127"]
[PlyCount "67"]
[GameId "2160767911711912"]
[EventDate "2000.05.13"]
[EventType "swiss"]
[EventRounds "10"]
[EventCountry "CAN"]
[SourceTitle "The Week in Chess 290"]
[Source "Mark Crowther"]
[SourceDate "2000.05.30"]
[SourceVersion "1"]
[SourceVersionDate "2000.05.30"]
[SourceQuality "2"]

1. e4 d5 2. exd5 Nf6 3. c4 c6 4. d4 cxd5 5. Nc3 Nc6 6. c5 g6 7. Bb5 Bg7 8. Be3 O-O 9. Nge2 Bg4 10. O-O Bxe2 11. Qxe2 Rc8 12. Rfd1 Qd7 13. b4 Qe6 14. Rab1 Ne4 15. Nxe4 Qxe4 16. a4 Rfd8 17. f3 Qf5 18. Bxc6 Rxc6 19. Qd3 Qh5 20. b5 Rcc8 21. a5 e5 22. a6 bxa6 23. b6 axb6 24. cxb6 exd4 25. Bf4 Bh6 26. Bg3 Be3+ 27. Kh1 Qh6 28. b7 Rb8 29. Bxb8 Rxb8 30. g3 Qh3 31. Qxa6 Bf4 32. Qf1 Qxf1+ 33. Rxf1 Be3 34. Rb3 1-0

[Event "Paul Keres mem (25th)"]
[Site "Vancouver CAN"]
[Date "2000.05.15"]
[Round "3"]
[White "Pechisker, Alfred"]
[Black "Martinovsky, Ian"]
[Result "1/2-1/2"]
[WhiteElo "2035"]
[BlackElo "2085"]
[PlyCount "117"]
[GameId "2160767911711914"]
[EventDate "2000.05.13"]
[EventType "swiss"]
[EventRounds "10"]
[EventCountry "CAN"]
[SourceTitle "The Week in Chess 290"]
[Source "Mark Crowther"]
[SourceDate "2000.05.30"]
[SourceVersion "1"]
[SourceVersionDate "2000.05.30"]
[SourceQuality "2"]

1. d4 g6 2. c4 f5 3. g3 Bg7 4. Bg2 Nf6 5. b3 c5 6. e3 O-O 7. Bb2 cxd4 8. exd4 d5 9. Ne2 e6 10. O-O Nc6 11. Nbc3 g5 12. Ba3 Rf7 13. c5 Ne4 14. Rc1 Bd7 15. b4 Qf6 16. Nb5 a6 17. Nc7 Rc8 18. Nxd5 exd5 19. f3 Nxd4 20. fxe4 Nxe2+ 21. Qxe2 Bb5 22. e5 Qd8 23. Qe3 Bxf1 24. Rxf1 Kh8 25. Rd1 f4 26. Qe2 Qf8 27. Bxd5 f3 28. Qe3 Rf5 29. Bxb7 Rxe5 30. Qxf3 Qxf3 31. Bxf3 Re3 32. Bg4 Rce8 33. Bc1 Re1+ 34. Kf2 Rxd1 35. Bxd1 Bd4+ 36. Kf1 Bc3 37. Be2 Bxb4 38. c6 Rc8 39. Bf3 g4 40. Bd5 Kg7 41. Ke2 Bd6 42. Kd3 Kf6 43. Kc4 h5 44. Be3 Kf5 45. Bd4 h4 46. gxh4 Bxh2 47. Kc5 Bc7 48. h5 Kg5 49. h6 Kxh6 50. Be6 Rb8 51. Bxg4 Rb5+ 52. Kc4 Kg5 53. Bc8 Ra5 54. Kb3 Rd5 55. Be3+ Kf6 56. Bxa6 Ke7 57. a4 Rf5 58. Kc4 Kd6 59. Bb5 1/2-1/2

[Event "Paul Keres mem (25th)"]
[Site "Vancouver CAN"]
[Date "2000.05.17"]
[Round "5"]
[White "Fullbrook, Nigel"]
[Black "Mazock, Michael"]
[Result "1-0"]
[WhiteElo "2260"]
[BlackElo "2227"]
[PlyCount "81"]
[GameId "2160767911716033"]
[EventDate "2000.05.13"]
[EventType "swiss"]
[EventRounds "10"]
[EventCountry "CAN"]
[SourceTitle "The Week in Chess 290"]
[Source "Mark Crowther"]
[SourceDate "2000.05.30"]
[SourceVersion "1"]
[SourceVersionDate "2000.05.30"]
[SourceQuality "2"]

1. e4 c5 2. Nf3 d6 3. c3 Nf6 4. Be2 Nc6 5. d4 cxd4 6. cxd4 Nxe4 7. d5 Qa5+ 8. Nc3 Nb4 9. Bb5+ Kd8 10. Bc4 Qc5 11. Qb3 Qxf2+ 12. Kd1 Qxg2 13. Rf1 Nf2+ 14. Rxf2 Qxf2 15. Ne4 Qg2 16. Neg5 Bg4 17. Be2 Bxf3 18. Nxf3 Qh1+ 19. Kd2 a5 20. a3 Na6 21. Qxb7 Nc7 22. b4 axb4 23. Bb2 Qg2 24. axb4 Rxa1 25. Bxa1 Qg4 26. Bd4 Qc8 27. Qc6 Qa8 28. b5 Qa2+ 29. Ke1 Qxd5 30. Ng5 Qxc6 31. bxc6 Kc8 32. Nxf7 Rg8 33. Bb6 e6 34. Ng5 h6 35. Nxe6 Nxe6 36. Bg4 Kb8 37. Bxe6 d5 38. Bxg8 Bd6 39. h3 Bc7 40. Bc5 Ba5+ 41. Ke2 1-0

[Event "Paul Keres mem (25th)"]
[Site "Vancouver CAN"]
[Date "2000.05.17"]
[Round "5"]
[White "Gibney, Eugene"]
[Black "Berry, Jonathan"]
[Result "1/2-1/2"]
[WhiteElo "2214"]
[BlackElo "2272"]
[PlyCount "29"]
[GameId "2160767911716034"]
[EventDate "2000.05.13"]
[EventType "swiss"]
[EventRounds "10"]
[EventCountry "CAN"]
[SourceTitle "The Week in Chess 290"]
[Source "Mark Crowther"]
[SourceDate "2000.05.30"]
[SourceVersion "1"]
[SourceVersionDate "2000.05.30"]
[SourceQuality "2"]

1. c4 e5 2. g3 Nf6 3. Bg2 Nc6 4. Nc3 Bb4 5. Nd5 Bc5 6. a3 a5 7. e3 O-O 8. Ne2 Re8 9. O-O Nxd5 10. cxd5 Ne7 11. Qc2 d6 12. b3 Bf5 13. d3 Qd7 14. e4 Bg4 15. Be3 1/2-1/2

[Event "Paul Keres mem (25th)"]
[Site "Vancouver CAN"]
[Date "2000.05.17"]
[Round "5"]
[White "Jiganchine, Roman"]
[Black "Baunok, Zoltan"]
[Result "1-0"]
[WhiteElo "2189"]
[BlackElo "2127"]
[PlyCount "125"]
[GameId "2160767911716038"]
[EventDate "2000.05.13"]
[EventType "swiss"]
[EventRounds "10"]
[EventCountry "CAN"]
[SourceTitle "The Week in Chess 290"]
[Source "Mark Crowther"]
[SourceDate "2000.05.30"]
[SourceVersion "1"]
[SourceVersionDate "2000.05.30"]
[SourceQuality "2"]

1. e4 d5 2. exd5 Nf6 3. c4 c6 4. d4 cxd5 5. Nc3 Nc6 6. Bg5 Qa5 7. a3 Ne4 8. Bd2 Nxd2 9. Qxd2 e6 10. Nf3 Be7 11. Be2 O-O 12. O-O dxc4 13. Bxc4 Bf6 14. Rfd1 Rd8 15. Qe3 a6 16. Ne4 Qf5 17. Rac1 Ne7 18. Bd3 Nd5 19. Nxf6+ Qxf6 20. Qe4 g6 21. Ne5 Bd7 22. Bc4 Be8 23. Bb3 Rd6 24. Rd3 Qf4 25. Re1 Qxe4 26. Rxe4 Rad8 27. g3 Nf6 28. Rf4 Kg7 29. Nxf7 Bxf7 30. Rdf3 Rxd4 31. Rxf6 R8d7 32. Bxe6 Bxe6 33. Rxe6 Rd1+ 34. Kg2 R1d2 35. Rb6 Kh6 36. Rfb3 Rf7 37. Rf3 Rc7 38. Rf4 Kg5 39. h4+ Kh6 40. Rf3 Kg7 41. Rfb3 Rf7 42. Rxb7 Rdxf2+ 43. Kg1 Rf1+ 44. Kg2 R1f2+ 45. Kh3 h5 46. Rxf7+ Kxf7 47. g4 hxg4+ 48. Kxg4 Rg2+ 49. Kf4 Rh2 50. Kg3 Rd2 51. Rb6 a5 52. Rb5 a4 53. Rb4 Kf6 54. Kf4 Rf2+ 55. Ke3 Rh2 56. Kd3 Kg7 57. Kc3 Rh3+ 58. Kc2 Rh2+ 59. Kb1 Kh6 60. Rxa4 Kh5 61. Ka2 Rxh4 62. Rxh4+ Kxh4 63. a4 1-0

[Event "Paul Keres mem (25th)"]
[Site "Vancouver CAN"]
[Date "2000.05.17"]
[Round "5"]
[White "Martinovsky, Ian"]
[Black "Jimenez Molina, Juan Leon"]
[Result "0-1"]
[WhiteElo "2085"]
[BlackElo "2208"]
[PlyCount "164"]
[GameId "2160767911716040"]
[EventDate "2000.05.13"]
[EventType "swiss"]
[EventRounds "10"]
[EventCountry "CAN"]
[SourceTitle "CBM 076 Extra"]
[Source "ChessBase"]
[SourceDate "2000.07.11"]
[SourceVersion "1"]
[SourceVersionDate "2000.07.11"]
[SourceQuality "1"]

1. f4 g6 2. g3 Bg7 3. Bg2 c5 4. Nf3 Nc6 5. O-O d6 6. c3 e6 7. d3 Nge7 8. e4 O-O 9. a4 b6 10. Na3 Qd7 11. g4 f5 12. Nh4 Bb7 13. Bd2 Rae8 14. gxf5 exf5 15. Kh1 Kh8 16. Qc2 Nd8 17. Rae1 Bc6 18. b3 fxe4 19. dxe4 d5 20. e5 Qg4 21. Nf3 Ne6 22. Ng5 Nxg5 23. fxg5 Rxf1+ 24. Rxf1 Bxe5 25. Qd3 Qh4 26. h3 Nf5 27. Be1 Qxg5 28. Bxd5 Bxd5+ 29. Qxd5 Ng3+ 30. Bxg3 Qxg3 31. Qg2 Qxc3 32. Nc4 Kg7 33. Qb7+ Kh6 34. Qf3 Qxf3+ 35. Rxf3 Kg7 36. Nxe5 Rxe5 37. Kg2 g5 38. Rd3 Kf6 39. Kf3 h5 40. Rd8 Re1 41. Rf8+ Kg6 42. Rg8+ Kf6 43. Rf8+ Kg7 44. Rd8 Rb1 45. Rd3 Kf6 46. Ke4 Ke6 47. Rg3 Re1+ 48. Kd3 Kf5 49. Rf3+ Ke5 50. Kc4 g4 51. hxg4 hxg4 52. Rf7 Re4+ 53. Kd3 Rb4 54. Rxa7 Rxb3+ 55. Ke2 g3 56. Rg7 Ke4 57. Rg4+ Kd5 58. Rg5+ Kc6 59. Kd2 Ra3 60. Rg6+ Kb7 61. Kc2 Rf3 62. Rg8 Ra3 63. Kb2 Rxa4 64. Rxg3 Rh4 65. Kb3 Ka6 66. Ka3 Kb5 67. Kb3 Rb4+ 68. Kc3 Re4 69. Rh3 Re6 70. Rg3 Kc6 71. Rh3 Rd6 72. Kb3 Re6 73. Rh4 Re3+ 74. Ka2 Kb5 75. Rh8 Rg3 76. Kb2 Rg2+ 77. Ka1 c4 78. Kb1 Ka4 79. Kc1 Kb3 80. Rh1 c3 81. Kb1 Rc2 82. Ka1 Ra2+ 0-1

[Event "Paul Keres mem (25th)"]
[Site "Vancouver CAN"]
[Date "2000.05.17"]
[Round "5"]
[White "Neff, Elliott"]
[Black "Haessel, Dale"]
[Result "0-1"]
[WhiteElo "2123"]
[BlackElo "2161"]
[PlyCount "139"]
[GameId "2160767911716043"]
[EventDate "2000.05.13"]
[EventType "swiss"]
[EventRounds "10"]
[EventCountry "CAN"]
[SourceTitle "The Week in Chess 290"]
[Source "Mark Crowther"]
[SourceDate "2000.05.30"]
[SourceVersion "1"]
[SourceVersionDate "2000.05.30"]
[SourceQuality "2"]

1. e4 c5 2. Nc3 d6 3. g3 g6 4. Bg2 Bg7 5. Nge2 Nc6 6. O-O e6 7. d3 Nge7 8. Be3 Nd4 9. Qd2 Qa5 10. Rab1 O-O 11. a3 Nec6 12. Rfc1 e5 13. Bh6 Bg4 14. Nxd4 Nxd4 15. Bxg7 Kxg7 16. Rf1 Ne2+ 17. Kh1 Nxc3 18. f4 Bd7 19. h4 f6 20. Kh2 exf4 21. gxf4 Rae8 22. Qxc3 Qxc3 23. bxc3 Bc6 24. Rbe1 Rf7 25. c4 Rfe7 26. f5 Re5 27. Bh3 g5 28. Rg1 h6 29. Bg4 Ba4 30. Bd1 Rc8 31. c3 Bd7 32. Re2 Re7 33. Rb2 Be8 34. Bf3 Rcc7 35. Rg3 Kf8 36. Rbg2 Rg7 37. hxg5 hxg5 38. Rh3 Rh7 39. Rg1 Ba4 40. Rxh7 Rxh7+ 41. Kg3 Rc7 42. Rg2 Rh7 43. Rb2 Ke8 44. e5 dxe5 45. Bxb7 Rc7 46. Bd5 Bd7 47. Kg4 Bc6 48. Rb8+ Kd7 49. Be6+ Ke7 50. Rg8 Bg2 51. Kh5 Bf3+ 52. Kg6 g4 53. Bd5 Bxd5 54. cxd5 c4 55. dxc4 Rxc4 56. Rg7+ Kd6 57. Kxf6 Kxd5 58. Rxa7 g3 59. Ra5+ Rc5 60. c4+ Kd4 61. Ra8 Ke3 62. Rg8 Kf2 63. Ke6 e4 64. f6 Rc7 65. c5 e3 66. f7 Rxf7 67. Kxf7 e2 68. c6 e1=Q 69. Rc8 Qe5 70. Rf8 0-1

[Event "Paul Keres mem (25th)"]
[Site "Vancouver CAN"]
[Date "2000.05.17"]
[Round "5"]
[White "Pechisker, Alfred"]
[Black "Ivankovic, Goran"]
[Result "1/2-1/2"]
[WhiteElo "2035"]
[BlackElo "1981"]
[PlyCount "130"]
[GameId "2160767911716044"]
[EventDate "2000.05.13"]
[EventType "swiss"]
[EventRounds "10"]
[EventCountry "CAN"]
[SourceTitle "The Week in Chess 290"]
[Source "Mark Crowther"]
[SourceDate "2000.05.30"]
[SourceVersion "1"]
[SourceVersionDate "2000.05.30"]
[SourceQuality "2"]

1. d4 d5 2. c4 c6 3. Nf3 Nf6 4. Nc3 e6 5. cxd5 exd5 6. Bg5 Be7 7. e3 Qb6 8. Rb1 Bf5 9. Bd3 Bxd3 10. Qxd3 Nbd7 11. O-O O-O 12. b4 a6 13. Rb3 Rfe8 14. Rfb1 Ne4 15. Bxe7 Rxe7 16. a4 Ndf6 17. h3 Qc7 18. Qc2 Qd6 19. Nxe4 dxe4 20. Nd2 h6 21. b5 cxb5 22. axb5 Rc7 23. Nxe4 Rxc2 24. Nxd6 a5 25. Nxb7 a4 26. Ra3 Ne4 27. Nc5 Nxc5 28. dxc5 Rxc5 29. b6 Rc4 30. Kf1 Rb8 31. g3 Kf8 32. Ke2 Rc6 33. Rxa4 Rcxb6 34. Rc1 Rf6 35. f4 Re6 36. Rc3 g6 37. Ra7 Rbe8 38. Kf3 h5 39. g4 hxg4+ 40. hxg4 Kg7 41. Ra4 Rh8 42. Kg3 Rhe8 43. Kf2 Rf6 44. g5 Rfe6 45. Ra7 R6e7 46. Rcc7 Rxc7 47. Rxc7 Re6 48. Kf3 Ra6 49. Rc3 Re6 50. e4 Ra6 51. Ke3 Rd6 52. Rd3 Re6 53. Rd7 Ra6 54. Kd4 Ra4+ 55. Ke5 Ra5+ 56. Rd5 Ra1 57. Rd4 Ra5+ 58. Kd6 Ra6+ 59. Ke5 Ra5+ 60. Rd5 Ra1 61. Rc5 Ra6 62. Rc4 Re6+ 63. Kd5 Ra6 64. Rc7 Ra1 65. Kd6 Ra6+ 1/2-1/2

[Event "Paul Keres mem (25th)"]
[Site "Vancouver CAN"]
[Date "2000.05.17"]
[Round "5"]
[White "Vaglio Munoz, Jaime"]
[Black "Wu, Howard"]
[Result "1-0"]
[WhiteElo "2235"]
[BlackElo "2176"]
[PlyCount "93"]
[GameId "2160767911716048"]
[EventDate "2000.05.13"]
[EventType "swiss"]
[EventRounds "10"]
[EventCountry "CAN"]

1. Nf3 c5 2. b3 Nc6 3. Bb2 d6 4. c4 Nf6 5. g3 g6 6. Bg2 Bg7 7. O-O e5 8. e3 O-O 9. Nc3 Bf5 10. d3 Re8 11. Qd2 Qb6 12. h3 Rad8 13. Nd5 Nxd5 14. cxd5 Nb4 15. e4 Bd7 16. Bc3 Qa6 17. a3 Nxd3 18. Rfd1 c4 19. Bb4 f5 20. bxc4 Qxc4 21. Ng5 h6 22. Bf1 fxe4 23. Nxe4 Qxe4 24. Bxd3 Qf3 25. Bf1 Bf5 26. Bg2 Qb3 27. Rac1 e4 28. g4 Bc8 29. Re1 Re5 30. Re3 Qxd5 31. Qxd5+ Rxd5 32. Bxe4 Rd4 33. Bxg6 Bxg4 34. hxg4 Rxg4+ 35. Rg3 Rxg3+ 36. fxg3 Be5 37. Kg2 Kg7 38. Bd3 d5 39. Re1 Kf6 40. Be7+ Kxe7 41. Rxe5+ Kd6 42. Rh5 Rh8 43. Kf3 Rf8+ 44. Ke3 Rf6 45. Kd4 Kc6 46. Rxd5 Rf3 47. Be4 1-0

[Event "Paul Keres mem (25th)"]
[Site "Vancouver CAN"]
[Date "2000.05.18"]
[Round "6"]
[White "Basanta, Gary"]
[Black "Orlov, Georgi"]
[Result "0-1"]
[WhiteElo "2321"]
[BlackElo "2512"]
[PlyCount "134"]
[GameId "2160767911716051"]
[EventDate "2000.05.13"]
[EventType "swiss"]
[EventRounds "10"]
[EventCountry "CAN"]
[SourceTitle "The Week in Chess 290"]
[Source "Mark Crowther"]
[SourceDate "2000.05.30"]
[SourceVersion "1"]
[SourceVersionDate "2000.05.30"]
[SourceQuality "2"]

1. e4 d6 2. d4 Nf6 3. Nc3 g6 4. Be2 c5 5. Nf3 cxd4 6. Nxd4 Nc6 7. Nb3 Bg7 8. O-O O-O 9. Bg5 Be6 10. Kh1 Qc8 11. f4 Rd8 12. Bf3 Bc4 13. Re1 e6 14. Qd2 b5 15. Qf2 b4 16. Nd1 h6 17. Bh4 e5 18. Bxf6 Bxf6 19. Ne3 Bb5 20. f5 Kg7 21. Nd5 g5 22. Be2 Ba4 23. Bd3 Qb7 24. Re3 Rh8 25. Rh3 a5 26. Rh5 Ne7 27. Nxf6 Kxf6 28. Qf3 Bxb3 29. axb3 Qb6 30. Qh3 Ng8 31. Rf1 Kg7 32. f6+ Nxf6 33. Qf5 Qd8 34. Bc4 Ra7 35. Rh3 Rf8 36. Rff3 Ng8 37. Rhg3 f6 38. h4 Ne7 39. Qe6 Ng6 40. h5 Nf4 41. Rxf4 exf4 42. Rd3 Qe8 43. Rxd6 Qxh5+ 44. Kg1 Qe8 45. Qd5 Re7 46. Qf5 Qg6 47. Rd7 Rxd7 48. Qxd7+ Kh8 49. Bd5 Qe8 50. Qc7 Qd8 51. Qc5 Re8 52. c3 bxc3 53. bxc3 Re7 54. Qd4 Qd6 55. Kf1 Kg7 56. Qc4 Qc7 57. Qa6 Qxc3 58. Qa8 Qc1+ 59. Kf2 Qc5+ 60. Kf1 Qb5+ 61. Kf2 Rf7 62. Qd8 Qd7 63. Qxa5 Qa7+ 64. Qxa7 Rxa7 65. b4 Ra4 66. b5 Rb4 67. Bc6 Kf8 0-1

[Event "Paul Keres mem (25th)"]
[Site "Vancouver CAN"]
[Date "2000.05.18"]
[Round "6"]
[White "Baunok, Zoltan"]
[Black "Berrocoso, Tony"]
[Result "0-1"]
[WhiteElo "2127"]
[BlackElo "2088"]
[PlyCount "76"]
[GameId "2160767911716052"]
[EventDate "2000.05.13"]
[EventType "swiss"]
[EventRounds "10"]
[EventCountry "CAN"]
[SourceTitle "The Week in Chess 290"]
[Source "Mark Crowther"]
[SourceDate "2000.05.30"]
[SourceVersion "1"]
[SourceVersionDate "2000.05.30"]
[SourceQuality "2"]

1. e4 c6 2. d4 d5 3. e5 Bf5 4. Nc3 e6 5. g4 Bg6 6. Nge2 c5 7. Nf4 cxd4 8. Bb5+ Nc6 9. Nxg6 hxg6 10. Qxd4 Qc7 11. Bf4 Rd8 12. O-O-O a6 13. Bxc6+ Qxc6 14. Bg3 Bc5 15. Qd3 Ne7 16. Ne4 O-O 17. Nxc5 Qxc5 18. Bh4 Rc8 19. Bxe7 Qxe7 20. h4 Rc4 21. f3 Rfc8 22. Rd2 b5 23. g5 Kf8 24. Rg2 Qb4 25. Rgh2 Rd4 26. Qe3 Qc5 27. Qe2 Rc4 28. Kb1 Ke7 29. b3 Rc3 30. f4 d4 31. Rd1 d3 32. cxd3 Rc1+ 33. Kb2 Qc3+ 34. Ka3 b4+ 35. Ka4 Rxd1 36. f5 Qc6+ 37. Kxb4 Rb8+ 38. Ka3 Qc5+ 0-1

[Event "Paul Keres mem (25th)"]
[Site "Vancouver CAN"]
[Date "2000.05.18"]
[Round "6"]
[White "Gibney, Eugene"]
[Black "Milicevic, Dragoljub"]
[Result "1-0"]
[WhiteElo "2214"]
[BlackElo "2184"]
[PlyCount "115"]
[GameId "2160767911716054"]
[EventDate "2000.05.13"]
[EventType "swiss"]
[EventRounds "10"]
[EventCountry "CAN"]
[SourceTitle "The Week in Chess 290"]
[Source "Mark Crowther"]
[SourceDate "2000.05.30"]
[SourceVersion "1"]
[SourceVersionDate "2000.05.30"]
[SourceQuality "2"]

1. e4 d6 2. Bc4 g6 3. d4 Bg7 4. Nf3 Nf6 5. Qe2 O-O 6. O-O c6 7. Bb3 Qc7 8. h3 e5 9. dxe5 dxe5 10. c3 b6 11. Rd1 a5 12. a4 Nbd7 13. Nbd2 Nc5 14. Bc4 Nxa4 15. Rxa4 b5 16. Bxb5 cxb5 17. Qxb5 Bd7 18. Rc4 Bxb5 19. Rxc7 Rfd8 20. Re1 Bf8 21. Ng5 Nd7 22. Nc4 Nc5 23. Nb6 Ra6 24. Nxf7 Ne6 25. Nxd8 Nxc7 26. Nd5 Ne8 27. Be3 a4 28. Nb7 Rc6 29. Na5 Ra6 30. b4 axb3 31. Nxb3 Ra3 32. Nd2 Nd6 33. f3 Bd3 34. Bc5 Ra2 35. Nf1 Rb2 36. Bxd6 Bxd6 37. Kh1 Bc5 38. Nfe3 Kf7 39. Ng4 Ke6 40. Nge3 h5 41. Nf1 Bf2 42. Rd1 Bc4 43. Rd2 Rxd2 44. Nxd2 Bxd5 45. exd5+ Kxd5 46. Ne4 Be3 47. g3 Kc4 48. Kg2 Kd3 49. h4 Bc1 50. Nc5+ Kxc3 51. Nd7 Kd4 52. Nf8 e4 53. Nxg6 Ke3 54. f4 Bb2 55. f5 Bf6 56. Nf4 Bxh4 57. gxh4 Kxf4 58. f6 1-0

[Event "Paul Keres mem (25th)"]
[Site "Vancouver CAN"]
[Date "2000.05.18"]
[Round "6"]
[White "Haessel, Dale"]
[Black "Hladek, David"]
[Result "0-1"]
[WhiteElo "2161"]
[BlackElo "2063"]
[PlyCount "78"]
[GameId "2160767911716055"]
[EventDate "2000.05.13"]
[EventType "swiss"]
[EventRounds "10"]
[EventCountry "CAN"]
[SourceTitle "The Week in Chess 290"]
[Source "Mark Crowther"]
[SourceDate "2000.05.30"]
[SourceVersion "1"]
[SourceVersionDate "2000.05.30"]
[SourceQuality "2"]

1. c4 c5 2. g3 Nc6 3. Bg2 e5 4. Nc3 g6 5. Nf3 Bg7 6. d3 h6 7. O-O Nge7 8. Nd2 d6 9. a3 O-O 10. Rb1 a5 11. e3 Rb8 12. f4 f5 13. Nf3 Be6 14. Qc2 Qd7 15. Ne2 Bf7 16. b3 b5 17. fxe5 Nxe5 18. Nxe5 dxe5 19. Bb2 bxc4 20. bxc4 Rfd8 21. Rfd1 Qc7 22. Bc3 Rxb1 23. Rxb1 Nc6 24. Rb5 e4 25. dxe4 Bxc4 26. Rxc5 Bxe2 27. Qxe2 Bxc3 28. Qc4+ Qf7 29. Qxf7+ Kxf7 30. exf5 Rd1+ 31. Kf2 Rd2+ 32. Kg1 Rd1+ 33. Bf1 Nd4 34. Kg2 Rd2+ 35. Kh3 gxf5 36. exd4 Bxd4 37. Rxf5+ Kg6 38. Rxa5 Bg1 39. Bg2 Ra2 0-1

[Event "Paul Keres mem (25th)"]
[Site "Vancouver CAN"]
[Date "2000.05.18"]
[Round "6"]
[White "Harmon, Clark"]
[Black "Pechisker, Alfred"]
[Result "1/2-1/2"]
[WhiteElo "2203"]
[BlackElo "2035"]
[PlyCount "74"]
[GameId "2160767911716056"]
[EventDate "2000.05.13"]
[EventType "swiss"]
[EventRounds "10"]
[EventCountry "CAN"]
[SourceTitle "CBM 076 Extra"]
[Source "ChessBase"]
[SourceDate "2000.07.11"]
[SourceVersion "1"]
[SourceVersionDate "2000.07.11"]
[SourceQuality "1"]

1. d4 Nf6 2. Nf3 g6 3. c4 Bg7 4. Nc3 O-O 5. e4 d6 6. Be2 Nbd7 7. Be3 e5 8. d5 h6 9. Nd2 Ne8 10. f3 f5 11. b4 a5 12. a3 axb4 13. axb4 Rxa1 14. Qxa1 f4 15. Bf2 g5 16. c5 Ndf6 17. Nc4 g4 18. Qa5 gxf3 19. gxf3 Qd7 20. Bf1 Nh7 21. h4 Qf7 22. Nb5 Qh5 23. Be2 Ng5 24. Nd2 Nh3 25. Nxc7 Qg6 26. Nf1 Nf6 27. Ne6 Bxe6 28. dxe6 Nxf2 29. Kxf2 d5 30. Rg1 Qh5 31. Ke1 Nxe4 32. fxe4 f3 33. Rxg7+ Kxg7 34. Qc7+ Kg8 35. e7 Re8 36. Bb5 Qxh4+ 37. Kd1 Rxe7 1/2-1/2